[Event "BL2-West 0102"]
[Site "Germany"]
[Date "2002.03.17"]
[Round "7.5"]
[White "Loifenfeld, Jakov"]
[Black "Drollinger, Dennis"]
[Result "1/2-1/2"]
[WhiteElo "2397"]
[BlackElo "2290"]
[PlyCount "92"]
[EventDate "2001.10.07"]
[Source "ChessBase"]
[SourceDate "2002.07.08"]

1. d4 Nf6 2. c4 c5 3. d5 e6 4. Nc3 exd5 5. cxd5 d6 6. Nf3 g6 7. Bg5 h6 8. Bh4 g5 9. Bg3 Nh5 10. e3 Nxg3 11. hxg3 Bg7 12. Bd3 a6 13. Qc2 b5 14. a4 b4 15. Ne4 Ra7 16. Rd1 f5 17. Ned2 O-O 18. Nc4 Qf6 19. Nfd2 Re7 20. g4 fxg4 21. Ne4 Rxe4 22. Bxe4 Nd7 23. O-O Ne5 24. b3 Qf7 25. f4 gxf3 26. Nxe5 Bxe5 27. Rxf3 Qh5 28. Rxf8+ Kxf8 29. Rf1+ Kg7 30. g3 Qh3 31. Qf2 Qxg3+ 32. Qxg3 Bxg3 33. Bf5 Bxf5 34. Rxf5 Be5 35. Rf1 h5 36. Rf5 Bf6 37. Kg2 Kg6 38. Rf1 g4 39. e4 h4 40. Rf4 Kg5 41. Rf5+ Kg6 42. Rf4 h3+ 43. Kh1 Kg5 44. Rf5+ Kg6 45. Rf4 Kg5 46. Rf5+ Kg6 1/2-1/2

[Event "Bratislava Slovan Open"]
[Site "Bratislava SVK"]
[Date "1989.??.??"]
[Round "6"]
[White "Cichocki, Adam"]
[Black "Priehoda, Vitezslav"]
[Result "0-1"]
[WhiteElo "2320"]
[BlackElo "2365"]
[PlyCount "72"]
[EventDate "1989.05.??"]
[Source "www.chesslib.no"]
[SourceDate "2004.05.04"]

1. d4 Nf6 2. c4 c5 3. d5 e6 4. Nc3 exd5 5. cxd5 d6 6. Nf3 g6 7. Bg5 Bg7 8. e3 O-O 9. Be2 h6 10. Bh4 a6 11. a4 g5 12. Bg3 Nh5 13. Nd2 Nxg3 14. hxg3 Nd7 15. Nc4 Nb6 16. Na3 Bd7 17. a5 Nc8 18. Nc4 Qc7 19. g4 b5 20. axb6 Nxb6 21. Na5 Nc8 22. Nc6 Re8 23. O-O Ne7 24. Bxa6 Nxc6 25. dxc6 Bxc6 26. Bc4 Rxa1 27. Qxa1 Qb7 28. Rd1 Bxg2 29. Rxd6 Bh3 30. Bd5 Qc8 31. f3 Qb8 32. Qa4 Rf8 33. Nb5 Qe8 34. Kh2 Bf1 35. Bc4 Be5+ 36. Kg1 Bxd6 0-1

[Event "Stare Mesto"]
[Site "?"]
[Date "2006.08.17"]
[Round "8"]
[White "Zpevak Pavel"]
[Black "Vymazal Bronislav"]
[Result "1-0"]
[WhiteElo "2377"]
[BlackElo "2305"]
[PlyCount "47"]
[EventDate "2006.??.??"]
[Source "www.chesslib.no"]
[SourceDate "2004.05.04"]

1. d4 Nf6 2. c4 c5 3. d5 e6 4. Nc3 exd5 5. cxd5 d6 6. Nf3 g6 7. Bg5 Bg7 8. e3 O-O 9. Be2 Na6 10. O-O h6 11. Bh4 Nc7 12. a4 b6 13. Nd2 Rb8 14. e4 a6 15. f4 Qd7 16. Nc4 Nfe8 17. e5 Kh7 18. h3 dxe5 19. Nxe5 Bxe5 20. fxe5 g5 21. Bg3 Kg7 22. Qd3 Bb7 23. e6 fxe6 24. Be5+ 1-0

[Event "BCF Ch"]
[Site "Portsmouth"]
[Date "1976.08.18"]
[Round "9"]
[White "Neat, Kenneth P"]
[Black "Bennett, George H"]
[Result "1-0"]
[WhiteElo "2315"]
[BlackElo "2350"]
[PlyCount "105"]
[EventDate "1976.08.09"]
[Source "www.chesslib.no"]
[SourceDate "2004.05.04"]

1. d4 Nf6 2. c4 c5 3. d5 e6 4. Nc3 exd5 5. cxd5 d6 6. Nf3 g6 7. Bg5 Bg7 8. e3 O-O 9. Nd2 Na6 10. Nc4 Nc7 11. a4 b6 12. Be2 Ba6 13. O-O Re8 14. Rb1 Qd7 15. b3 b5 16. axb5 Nxb5 17. Nxb5 Bxb5 18. Bxf6 Bxc4 19. Bg4 Qc7 20. bxc4 Bxf6 21. Qa4 Reb8 22. Qc6 Qd8 23. Qa6 Rb4 24. g3 Qc7 25. Qc6 Qb8 26. Rxb4 cxb4 27. Bd1 Qd8 28. Bb3 Rb8 29. c5 dxc5 30. Qxc5 Qb6 31. Qc2 a5 32. Rb1 Bc3 33. Ba4 Rc8 34. Qd1 Rd8 35. e4 Bd4 36. Qc2 Rd6 37. Kg2 Bc3 38. Qd3 Rf6 39. f4 Qc5 40. Bb3 Rd6 41. e5 Rd8 42. d6 Kg7 43. Rd1 Qc6+ 44. Qd5 Qd7 45. Qxa5 Rc8 46. Ba4 Qg4 47. Qd5 Qe2+ 48. Kg1 b3 49. Bxb3 Rb8 50. d7 Rxb3 51. d8=Q Rb2 52. Qxf7+ Kxf7 53. Qf6+ 1-0

[Event "Tatry Open"]
[Site "?"]
[Date "2003.09.30"]
[Round "5"]
[White "Mitura Vaclav"]
[Black "Cech Pavel"]
[Result "0-1"]
[WhiteElo "2258"]
[BlackElo "2400"]
[PlyCount "61"]
[EventDate "2003.??.??"]
[Source "www.chesslib.no"]
[SourceDate "2004.05.04"]

1. d4 Nf6 2. c4 c5 3. d5 e6 4. Nc3 exd5 5. cxd5 d6 6. Nf3 g6 7. Bg5 Bg7 8. e3 O-O 9. Nd2 Nbd7 10. Be2 a6 11. a4 Qc7 12. O-O Re8 13. Nc4 Nb6 14. Nxb6 Qxb6 15. Bxf6 Bxf6 16. Qd2 Bd7 17. Ra3 Qb4 18. Rfa1 Rab8 19. Qd1 c4 20. Bf3 Qxb2 21. Ne4 Be5 22. R1a2 Qb4 23. a5 Rbc8 24. Qc1 c3 25. Qc2 f5 26. Ng5 Qh4 27. Nh3 f4 28. Ra1 fxe3 29. fxe3 Bxh3 30. gxh3 Qxh3 31. Rf1 0-1

[Event "Oberliga Nord O 9596"]
[Site "GER"]
[Date "1996.??.??"]
[Round "?"]
[White "Knuth, Hannes"]
[Black "Von Herman, Ulf"]
[Result "0-1"]
[WhiteElo "2280"]
[BlackElo "2375"]
[PlyCount "100"]
[EventDate "1995.10.??"]
[Source "www.chesslib.no"]
[SourceDate "2004.05.04"]

1. d4 Nf6 2. c4 c5 3. d5 e6 4. Nc3 exd5 5. cxd5 d6 6. Nf3 g6 7. Bg5 h6 8. Bh4 g5 9. Bg3 Nh5 10. Qa4+ Qd7 11. Nb5 Kd8 12. e3 b6 13. Be2 a6 14. Ne5 dxe5 15. Bxe5 Bb7 16. Bxh8 axb5 17. Qb3 Ng7 18. Bxb5 Bxd5 19. Bc4 Bxc4 20. Qxc4 Qe6 21. Qc3 Ne8 22. O-O Nc6 23. f4 Kc7 24. e4 Nd6 25. e5 Nb5 26. Qd3 c4 27. Qh7 Qg6 28. Qxg6 fxg6 29. Kh1 Bc5 30. Bg7 Bd4 31. Rac1 c3 32. bxc3 Be3 33. Rb1 Na3 34. Rbe1 gxf4 35. Bxh6 Nc4 36. e6 N6e5 37. Bxf4 Bxf4 38. Rxf4 Kd6 39. e7 Re8 40. Rd1+ Kc5 41. Re4 b5 42. a4 bxa4 43. Rd8 Rxe7 44. Rc8+ Kd6 45. Rd4+ Ke6 46. Ra8 a3 47. Ra6+ Kf7 48. h4 Rb7 49. Ra5 Ng4 50. g3 Nce3 0-1

[Event "HUN Ch"]
[Site "Budapest HUN"]
[Date "1982.??.??"]
[Round "?"]
[White "Gyorkos, Lajos"]
[Black "Rajna, George"]
[Result "1/2-1/2"]
[WhiteElo "2240"]
[BlackElo "2390"]
[PlyCount "46"]
[EventDate "1982.12.??"]
[Source "www.chesslib.no"]
[SourceDate "2004.05.04"]

1. d4 Nf6 2. c4 c5 3. d5 e6 4. Nc3 exd5 5. cxd5 d6 6. Nf3 g6 7. Bg5 Bg7 8. e3 h6 9. Bh4 g5 10. Bg3 Nh5 11. Bd3 f5 12. Nd2 Nxg3 13. hxg3 O-O 14. Nc4 a6 15. a4 b6 16. O-O Ra7 17. Qc2 Raf7 18. f4 g4 19. Kf2 Rb7 20. Qd2 Qe7 21. Na3 Bd7 22. Rh1 Qe8 23. Qe2 Bc8 1/2-1/2

[Event "BL2-N 9596"]
[Site "GER"]
[Date "1996.??.??"]
[Round "?"]
[White "Vogel, Robert"]
[Black "Paulsen, Dirk"]
[Result "0-1"]
[WhiteElo "2305"]
[BlackElo "2325"]
[PlyCount "70"]
[EventDate "1995.10.??"]
[Source "www.chesslib.no"]
[SourceDate "2004.05.04"]

1. d4 Nf6 2. c4 c5 3. d5 e6 4. Nc3 exd5 5. cxd5 d6 6. Nf3 g6 7. Bg5 Bg7 8. e3 O-O 9. Nd2 Na6 10. Be2 Nc7 11. e4 b5 12. Nxb5 Nxb5 13. Bxb5 Rb8 14. a4 a6 15. Bd3 Rxb2 16. O-O Rb4 17. Nc4 Re8 18. f3 a5 19. Bd2 Nh5 20. Bxb4 Bd4+ 21. Rf2 axb4 22. Raa2 Ba6 23. a5 f5 24. g3 fxe4 25. fxe4 Nf6 26. Qf3 Bxc4 27. Bxc4 Nxe4 28. Qf7+ Kh8 29. Kg2 Nxf2 30. a6 Qc8 31. Rxf2 Bxf2 32. Qxf2 Qf5 33. Qb2+ Kg8 34. Qa2 Qe4+ 35. Kh3 Re5 0-1

[Event "Ljubljana op 10th"]
[Site "Ljubljana"]
[Date "1999.06.26"]
[Round "2"]
[White "Starcic, Tadej"]
[Black "Mohr, Georg"]
[Result "0-1"]
[WhiteElo "2151"]
[BlackElo "2476"]
[PlyCount "70"]
[EventDate "1999.06.??"]
[Source "www.chesslib.no"]
[SourceDate "2004.05.04"]

1. d4 Nf6 2. c4 c5 3. d5 e6 4. Nc3 exd5 5. cxd5 d6 6. Nf3 g6 7. Bg5 Bg7 8. e3 h6 9. Bh4 g5 10. Bg3 Nh5 11. Nd2 Nxg3 12. hxg3 O-O 13. Bd3 f5 14. Qc2 Qf6 15. f4 Nd7 16. Nc4 a6 17. a4 b6 18. O-O Rb8 19. fxg5 Qxg5 20. Bxf5 Nf6 21. Rf3 Bxf5 22. Qxf5 Qxf5 23. Rxf5 Rfd8 24. Re1 b5 25. axb5 axb5 26. Na5 Re8 27. Nc6 Rb7 28. Kf2 b4 29. Nd1 c4 30. Kf3 Nd7 31. Rf4 c3 32. bxc3 bxc3 33. Rc4 Rb1 34. Ke2 Nb6 35. Rb4 c2 0-1

[Event "HUN Ch"]
[Site "Budapest HUN"]
[Date "1982.??.??"]
[Round "?"]
[White "Szabolcsi, Janos"]
[Black "Perenyi, Bela"]
[Result "1/2-1/2"]
[WhiteElo "2245"]
[BlackElo "2375"]
[PlyCount "94"]
[EventDate "1982.12.??"]
[Source "www.chesslib.no"]
[SourceDate "2004.05.04"]

1. d4 Nf6 2. c4 c5 3. d5 e6 4. Nc3 exd5 5. cxd5 d6 6. Nf3 g6 7. Bg5 h6 8. Bh4 g5 9. Bg3 Nh5 10. e3 Nxg3 11. hxg3 Bg7 12. Bd3 O-O 13. Qc2 Na6 14. a3 f5 15. O-O g4 16. Nh4 Qg5 17. Ne2 b5 18. Bxb5 Rb8 19. a4 Nc7 20. Nc3 Be5 21. Bc4 Rb4 22. b3 Ba6 23. Na2 Rbb8 24. Rab1 Bc8 25. b4 Na6 26. b5 Nc7 27. Nc1 Ne8 28. Nd3 Bg7 29. Nf4 Nf6 30. Ne6 Bxe6 31. dxe6 Rfe8 32. Bd3 Ne4 33. Nxf5 Qxf5 34. Bxe4 Qxe6 35. Bf5 Qe7 36. Bxg4 d5 37. Rfe1 Kh8 38. Rbc1 c4 39. e4 Qg5 40. Bd7 Rxe4 41. Rxe4 dxe4 42. Qxc4 e3 43. Qf4 exf2+ 44. Kf1 Rf8 45. Qxg5 hxg5 46. Rd1 Be5 47. Rd3 Bc7 1/2-1/2

[Event "Mt Buller"]
[Site "?"]
[Date "2005.01.07"]
[Round "9.5"]
[White "Johansen Darryl Keith"]
[Black "Dragicevic Domagoj"]
[Result "1/2-1/2"]
[WhiteElo "2485"]
[BlackElo "2122"]
[PlyCount "195"]
[EventDate "2005.??.??"]
[Source "www.chesslib.no"]
[SourceDate "2004.05.04"]

1. d4 Nf6 2. c4 c5 3. d5 e6 4. Nc3 exd5 5. cxd5 d6 6. Nf3 g6 7. Bg5 h6 8. Bh4 g5 9. Bg3 Nh5 10. e3 Bg7 11. Nd2 Nxg3 12. hxg3 a6 13. a4 Nd7 14. Qc2 Ne5 15. Be2 Qe7 16. a5 Bd7 17. f4 Ng4 18. Bxg4 Bxg4 19. Qe4 Qxe4 20. Ncxe4 O-O-O 21. Nc4 Kc7 22. Kd2 Bd7 23. Rac1 Bb5 24. b3 Rhe8 25. Nf2 Bxc4 26. Rxc4 b5 27. axb6+ Kxb6 28. Kd3 f5 29. g4 Rf8 30. g3 Rde8 31. gxf5 Rxf5 32. e4 Rff8 33. f5 Be5 34. Rxh6 Bxg3 35. Ng4 Rh8 36. Re6 Ref8 37. e5 Rxf5 38. Rxd6+ Kb5 39. Rf6 Rxe5 40. Nxe5 Bxe5 41. Rf3 Bd4 42. Rc2 g4 43. Rf7 Rh3+ 44. Ke4 Re3+ 45. Kf5 Re5+ 46. Kxg4 Rxd5 47. Rb7+ Kc6 48. Ra7 Kb6 49. Ra8 Kb7 50. Re8 Rd6 51. Re7+ Kb6 52. Rce2 Kb5 53. Rb7+ Rb6 54. Rxb6+ Kxb6 55. Rc2 Kb5 56. Rc4 Bg1 57. Kf5 Bf2 58. Ke4 a5 59. Kd3 Bd4 60. Kc2 Kb6 61. Ra4 Kb5 62. Kd3 Bf2 63. Rf4 Bd4 64. Rf8 Be5 65. Re8 Bg3 66. Re7 Bf4 67. Rb7+ Kc6 68. Rf7 Bc1 69. Kc4 Ba3 70. Rf6+ Kc7 71. Kb5 Bb4 72. Rf1 Kd6 73. Rd1+ Ke5 74. Rd8 Ke4 75. Rd7 Ke5 76. Kc6 Ke4 77. Rd8 Ke5 78. Kb5 Ke4 79. Kc4 Ke5 80. Rh8 Ke6 81. Rh5 Kd6 82. Kd3 Kc6 83. Rh8 Kd6 84. Ke4 Kc6 85. Rg8 Kd6 86. Rg6+ Kd7 87. Kd5 Kc7 88. Rg7+ Kb6 89. Rh7 Ba3 90. Rh8 Kc7 91. Rh6 Bb4 92. Kc4 Ba3 93. Kb5 Bb4 94. Rf6 Kd7 95. Rc6 Ba3 96. Rxc5 Bxc5 97. Kxc5 a4 98. bxa4 1/2-1/2

[Event "It (cat.3)"]
[Site "Balatonlelle (Hungary)"]
[Date "2007.06.17"]
[Round "2"]
[White "Kiss Pal (HUN)"]
[Black "Asabri Hussien (LBA)"]
[Result "1-0"]
[WhiteElo "2374"]
[BlackElo "2228"]
[PlyCount "113"]
[EventDate "2007.??.??"]
[Source "www.chesslib.no"]
[SourceDate "2004.05.04"]

1. d4 Nf6 2. c4 c5 3. d5 e6 4. Nc3 exd5 5. cxd5 d6 6. Nf3 g6 7. Bg5 Bg7 8. e3 O-O 9. Nd2 h6 10. Bh4 a6 11. a4 Nbd7 12. Be2 Qe7 13. O-O Re8 14. h3 Ne5 15. Qc2 g5 16. Bg3 g4 17. Bxe5 Qxe5 18. Nc4 Qg5 19. hxg4 Bxg4 20. Nxd6 Re7 21. Nc4 Rae8 22. Rfd1 Qh4 23. d6 Bxe2 24. Qxe2 Ng4 25. Qf3 Qh2+ 26. Kf1 Qh4 27. g3 Nh2+ 28. Kg2 Qxc4 29. Kxh2 Re6 30. d7 Rd8 31. Qxb7 Bxc3 32. bxc3 Qxc3 33. Rac1 Qf6 34. Kg2 Rd6 35. Qf3 Qxf3+ 36. Kxf3 R8xd7 37. Rxd6 Rxd6 38. Rxc5 Kg7 39. e4 f6 40. Kf4 Kg6 41. g4 Rd4 42. Ra5 Rd6 43. Kg3 Rc6 44. Kh4 Re6 45. f3 Rc6 46. f4 Kg7 47. f5 Rb6 48. Rc5 Rb4 49. Rc7+ Kg8 50. Rc6 Kg7 51. Rxa6 Rxe4 52. Ra7+ Kf8 53. Kh5 Kg8 54. a5 Ra4 55. a6 Kf8 56. Kxh6 Rxg4 57. Rb7 1-0

[Event "SVK-chT 9899"]
[Site "SVK"]
[Date "1999.??.??"]
[Round "6"]
[White "Lisko, Frantisek"]
[Black "Zambor, Norbert"]
[Result "1-0"]
[WhiteElo "2325"]
[BlackElo "2270"]
[PlyCount "65"]
[EventDate "1998.??.??"]
[Source "www.chesslib.no"]
[SourceDate "2004.05.04"]

1. d4 Nf6 2. c4 c5 3. d5 e6 4. Nc3 exd5 5. cxd5 d6 6. Nf3 g6 7. Bg5 Bg7 8. Nd2 O-O 9. e4 h6 10. Bh4 b6 11. f4 g5 12. fxg5 Nh7 13. Bg3 hxg5 14. Nc4 f5 15. exf5 Bxf5 16. Nxd6 Nd7 17. Bb5 Bd4 18. Nxf5 Rxf5 19. Qd3 Qe7+ 20. Ne2 Raf8 21. d6 Qg7 22. Nxd4 cxd4 23. O-O-O Rc5+ 24. Kb1 Ne5 25. Qb3+ Kh8 26. Rxd4 Nf3 27. gxf3 Qxd4 28. Rd1 Qf6 29. Bf2 Qf5+ 30. Bd3 Qxf3 31. Bd4+ Nf6 32. Rf1 Qg4 33. Rxf6 1-0

[Event "FRA-chT2S 0203"]
[Site "?"]
[Date "2003.03.15"]
[Round "8.2"]
[White "Heinis Vincent"]
[Black "Armas Julius"]
[Result "0-1"]
[WhiteElo "2211"]
[BlackElo "2378"]
[PlyCount "106"]
[EventDate "2003.??.??"]
[Source "www.chesslib.no"]
[SourceDate "2004.05.04"]

1. d4 Nf6 2. c4 c5 3. d5 e6 4. Nc3 exd5 5. cxd5 d6 6. Nf3 g6 7. Bg5 h6 8. Bh4 Bg7 9. Nd2 g5 10. Bg3 Nh5 11. e3 Nxg3 12. hxg3 a6 13. a4 Nd7 14. Nc4 Ne5 15. Nxe5 Bxe5 16. Bd3 Bg7 17. Qc2 Bd7 18. f3 Qe7 19. Kf2 h5 20. Bf5 O-O-O 21. a5 Rde8 22. Bxd7+ Kxd7 23. Qf5+ Kc7 24. Rhe1 g4 25. Ra4 Bd4 26. Ne4 Be5 27. b4 h4 28. bxc5 hxg3+ 29. Ke2 dxc5 30. fxg4 Kb8 31. Rc1 Bd6 32. Rb1 Bc7 33. Rb3 Rh2 34. Kf3 Rh1 35. Ke2 Bxa5 36. Qf4+ Ka8 37. Nxg3 Re1+ 38. Kf2 Bc7 39. Nf5 Bxf4 40. Nxe7 Rxe3 41. Rxe3 Bxe3+ 42. Kxe3 Rxe7+ 43. Kf4 b6 44. g5 Kb7 45. Kf5 Kc7 46. Rh4 Kd6 47. Rh6+ Kxd5 48. Rxb6 Ra7 49. g4 a5 50. g6 fxg6+ 51. Kxg6 a4 52. Kf6 a3 53. Rb1 a2 0-1

[Event "otb"]
[Site "otb"]
[Date "2007.04.10"]
[Round "4"]
[White "Eperjesi Laszlo"]
[Black "Werner Dimo"]
[Result "1/2-1/2"]
[WhiteElo "2223"]
[BlackElo "2342"]
[PlyCount "26"]
[Source "www.chesslib.no"]
[SourceDate "2004.05.04"]

1. d4 Nf6 2. c4 c5 3. d5 e6 4. Nc3 exd5 5. cxd5 d6 6. Nf3 g6 7. Bg5 h6 8. Bh4 Bg7 9. e3 O-O 10. Nd2 a6 11. a4 Nbd7 12. Be2 Re8 13. O-O Qc7 1/2-1/2

[Event "XXVII Open A"]
[Site "Bethune FRA"]
[Date "2006.12.27"]
[Round "3"]
[White "Giffard, N."]
[Black "Moussard, J."]
[Result "1-0"]
[WhiteElo "2372"]
[BlackElo "2172"]
[PlyCount "85"]
[EventDate "2006.12.26"]
[Source "www.chesslib.no"]
[SourceDate "2004.05.04"]

1. d4 Nf6 2. c4 c5 3. d5 e6 4. Nc3 exd5 5. cxd5 d6 6. Nf3 g6 7. Bg5 Bg7 8. Nd2 O-O 9. e4 Re8 10. Be2 a6 11. a4 Qc7 12. O-O Nbd7 13. Qc2 Rb8 14. f4 c4 15. Bxc4 Qc5+ 16. Kh1 Ng4 17. Nd1 b5 18. axb5 axb5 19. Bd3 Bb7 20. Qxc5 Nxc5 21. Bxb5 Nxe4 22. Nf3 Bxd5 23. Bxe8 Rxe8 24. Bh4 Nc5 25. Re1 Rb8 26. Be7 Nd3 27. Bxd6 Nxe1 28. Bxb8 Nxf3 29. h3 Nh6 30. gxf3 Bxf3+ 31. Kh2 Bxd1 32. Rxd1 Bxb2 33. Rd8+ Kg7 34. Be5+ Bxe5 35. fxe5 Nf5 36. Kg2 h6 37. Kf3 Kh7 38. Ke4 Ng7 39. Rf8 Ne6 40. Rxf7+ Kg8 41. Rf6 Ng5+ 42. Kd5 Kg7 43. h4 1-0

[Event "Toronto Open"]
[Site "Toronto CAN"]
[Date "1992.??.??"]
[Round "5"]
[White "Schleifer, Michael"]
[Black "Bekefi, Laszlo"]
[Result "1/2-1/2"]
[WhiteElo "2240"]
[BlackElo "2300"]
[PlyCount "100"]
[EventDate "1992.??.??"]
[Source "www.chesslib.no"]
[SourceDate "2004.05.04"]

1. d4 Nf6 2. c4 c5 3. d5 e6 4. Nc3 exd5 5. cxd5 d6 6. Nf3 g6 7. Bg5 h6 8. Bh4 g5 9. Bg3 Nh5 10. e4 Nxg3 11. hxg3 Bg7 12. Be2 a6 13. a4 Nd7 14. Nd2 Qe7 15. Nc4 Ne5 16. Ne3 O-O 17. g4 Rb8 18. Kf1 Bd7 19. Nf5 Bxf5 20. exf5 c4 21. Qc2 b5 22. axb5 axb5 23. Ne4 Ra8 24. Rb1 Nd7 25. Rh3 Nf6 26. Nxf6+ Qxf6 27. b3 Ra1 28. Kg1 Rxb1+ 29. Qxb1 Ra8 30. Bf1 Ra1 31. Qc2 Qb2 32. Qxb2 Bxb2 33. bxc4 bxc4 34. Re3 c3 35. Re2 Rc1 36. g3 c2 37. Kg2 Rxf1 38. Rxc2 Rb1 39. Rc8+ Kg7 40. Rb8 Kf6 41. f4 gxf4 42. gxf4 h5 43. gxh5 Kxf5 44. Rb7 Ke4 45. h6 Kxf4 46. h7 Ke4 47. h8=Q Bxh8 48. Rxb1 Kxd5 49. Kf3 Ke5 50. Rb7 f5 1/2-1/2

[Event "NRW-Liga I 9394"]
[Site "GER"]
[Date "1994.??.??"]
[Round "?"]
[White "Reinartz, Georg"]
[Black "Reinke, Markus"]
[Result "0-1"]
[WhiteElo "2240"]
[BlackElo "2295"]
[PlyCount "126"]
[EventDate "1993.??.??"]
[Source "www.chesslib.no"]
[SourceDate "2004.05.04"]

1. d4 Nf6 2. c4 c5 3. d5 e6 4. Nc3 exd5 5. cxd5 d6 6. Nf3 g6 7. Bg5 h6 8. Bh4 Bg7 9. e3 O-O 10. Be2 Na6 11. O-O g5 12. Bg3 Nh5 13. Nd2 Nxg3 14. hxg3 Nc7 15. e4 b5 16. Rb1 Bd7 17. Bg4 b4 18. Na4 Bb5 19. b3 Bxf1 20. Qxf1 Qe8 21. Qd3 Nb5 22. Nc4 Rd8 23. Rf1 Qe7 24. Na5 Nd4 25. Nc6 Nxc6 26. dxc6 Bd4 27. Qf3 Qc7 28. Bd7 Rxd7 29. cxd7 Qxd7 30. g4 Re8 31. g3 Qe6 32. Re1 d5 33. e5 f6 34. Rc1 Qxe5 35. Nxc5 Rc8 36. Nd3 Rxc1+ 37. Nxc1 Qe4 38. Kg2 Kf7 39. Nd3 a5 40. Nc1 Ke6 41. Nd3 Ba7 42. Qxe4+ dxe4 43. Nc1 Ke5 44. Ne2 f5 45. gxf5 Kxf5 46. Kf1 h5 47. Kg2 h4 48. Ng1 Ke5 49. gxh4 gxh4 50. Ne2 Bc5 51. Kg1 h3 52. Kh2 Bxf2 53. Kxh3 e3 54. Kg4 Ke4 55. Nf4 Bg1 56. Ne2 Bh2 57. Nc1 Be5 58. Ne2 Kd3 59. Kf3 Bb8 60. Nc1+ Kc2 61. Ne2 Ba7 62. Ke4 Bb6 63. Nf4 Kb1 0-1

[Event "FRG-ch"]
[Site "Oberursel"]
[Date "1972.??.??"]
[Round "?"]
[White "Weise, D."]
[Black "Reichenbach, Werner"]
[Result "1/2-1/2"]
[WhiteElo "2315"]
[BlackElo "2200"]
[PlyCount "116"]
[EventDate "1972.??.??"]
[Source "www.chesslib.no"]
[SourceDate "2004.05.04"]

1. d4 Nf6 2. c4 c5 3. d5 e6 4. Nc3 exd5 5. cxd5 d6 6. Nf3 g6 7. Bg5 Bg7 8. Nd2 O-O 9. e3 h6 10. Bh4 a6 11. a4 Nbd7 12. Be2 Re8 13. O-O b6 14. Qc2 Ne5 15. Rae1 g5 16. Bg3 Ra7 17. Bxe5 Rxe5 18. Nc4 Re8 19. Bd3 Rae7 20. Qb3 Rb7 21. Na3 Rb8 22. Qc4 Ng4 23. Bb1 Ne5 24. Qe4 f5 25. Qc2 Bd7 26. f4 Ng4 27. Nd1 gxf4 28. Rxf4 Qg5 29. Ref1 Nxe3 30. Nxe3 Rxe3 31. Nc4 Bd4 32. Nxe3 Bxe3+ 33. R4f2 Re8 34. Kh1 Bxf2 35. Qxf2 Qe3 36. Kg1 Qxf2+ 37. Kxf2 Kg7 38. Bd3 b5 39. axb5 Bxb5 40. Rd1 Bxd3 41. Rxd3 Rb8 42. Rd2 Rb3 43. Re2 Kf7 44. Re6 Rxb2+ 45. Kf3 a5 46. Kf4 Rb6 47. Kxf5 a4 48. Rxh6 Ra6 49. Rh7+ Kg8 50. Rb7 a3 51. Rb1 a2 52. Ra1 Kf7 53. h4 c4 54. Ke4 c3 55. Kd3 Ra3 56. h5 Kf6 57. g4 Kg5 58. Kc2 Kxg4 1/2-1/2

[Event "Oberliga Nord N 0001"]
[Site "?"]
[Date "2001.??.??"]
[Round "?"]
[White "Groeppel Peter"]
[Black "Bach Matthias"]
[Result "0-1"]
[WhiteElo "2170"]
[BlackElo "2345"]
[PlyCount "173"]
[EventDate "2001.??.??"]
[Source "www.chesslib.no"]
[SourceDate "2004.05.04"]

1. d4 Nf6 2. c4 c5 3. d5 e6 4. Nc3 exd5 5. cxd5 d6 6. Nf3 g6 7. Bg5 Bg7 8. e3 O-O 9. Be2 h6 10. Bh4 a6 11. a4 Qc7 12. Nd2 Nbd7 13. Nc4 Nb6 14. Na3 Bd7 15. O-O Rfe8 16. a5 Nc8 17. Nc4 b5 18. axb6 Nxb6 19. Bg3 Nxc4 20. Bxc4 Nh5 21. Rxa6 Rxa6 22. Bxa6 Nxg3 23. hxg3 Rb8 24. Qe2 Rb4 25. Ra1 h5 26. Ra2 h4 27. gxh4 Rxh4 28. Bb5 Bxb5 29. Qxb5 Qc8 30. Ra7 Bxc3 31. bxc3 Qf5 32. Ra8+ Kg7 33. Qb8 Qh5 34. Qf8+ Kf6 35. Qxd6+ Kf5 36. Qd7+ Kf6 37. Qd8+ Kf5 38. Qc8+ Kf6 39. Qd8+ Kf5 40. e4+ Rxe4 41. Qc8+ Kf6 42. Qa6+ Kg7 43. Qa1 Qe5 44. Kf1 c4 45. g3 Qxd5 46. Qa3 Kf6 47. Qf8 Kf5 48. Ra7 f6 49. Rc7 Re1+ 50. Kxe1 Qe5+ 51. Kf1 Qxc7 52. Qe8 Qe5 53. Qc8+ Qe6 54. g4+ Ke5 55. f4+ Kd5 56. Qd8+ Kc6 57. Qa8+ Kd6 58. Qa6+ Kd5 59. Qb7+ Qc6 60. Qf7+ Ke4 61. Qxg6+ Ke3 62. Kg1 Qf3 63. Qe8+ Kxf4 64. Qb8+ Ke3 65. Qb6+ Ke2 66. Qb2+ Kd3 67. Qb1+ Kxc3 68. Qc1+ Kd4 69. Qd2+ Ke4 70. Qc2+ Kd5 71. Qd2+ Kc6 72. Qd4 c3 73. Qc4+ Kd6 74. Qd4+ Ke6 75. Qc4+ Ke5 76. Qc5+ Kf4 77. Qc4+ Kg3 78. Qc7+ Kxg4 79. Qg7+ Kf5 80. Qd7+ Kf4 81. Qc7+ Kf5 82. Qd7+ Kg6 83. Qe8+ Kg5 84. Qg8+ Kf4 85. Qc4+ Qe4 86. Qf1+ Ke3 87. Qxf6 0-1

[Event "It (open) (b)"]
[Site "?"]
[Date "2005.05.02"]
[Round "3"]
[White "Olarasu Gabriela"]
[Black "Perisic Robert"]
[Result "1-0"]
[WhiteElo "2353"]
[BlackElo "2161"]
[PlyCount "150"]
[EventDate "2005.??.??"]
[Source "www.chesslib.no"]
[SourceDate "2004.05.04"]

1. d4 Nf6 2. c4 c5 3. d5 e6 4. Nc3 exd5 5. cxd5 d6 6. Nf3 g6 7. Bg5 Bg7 8. e3 O-O 9. Nd2 a6 10. a4 Nbd7 11. Nc4 Nb6 12. a5 Nxc4 13. Bxc4 Rb8 14. O-O b5 15. axb6 Qxb6 16. Ra2 Re8 17. Qe2 Bb7 18. h3 Ne4 19. Nxe4 Rxe4 20. Qd3 Ree8 21. Bf4 a5 22. Rfa1 Ra8 23. Ra3 Qc7 24. R1a2 Reb8 25. b3 Bc8 26. e4 Ra7 27. Bd2 Rba8 28. Bb5 Bb7 29. Be1 Bf6 30. Qd2 Bd8 31. Qf4 Qe7 32. Bc3 Qg5 33. Qxg5 Bxg5 34. Rxa5 Rxa5 35. Rxa5 Rxa5 36. Bxa5 Kf8 37. Kf1 Ke7 38. Ke2 Bf6 39. Bd2 Bb2 40. b4 cxb4 41. Bxb4 Bc8 42. f4 f6 43. Kf3 Ba1 44. Bd3 Bd7 45. g4 h6 46. e5 fxe5 47. fxe5 Bxe5 48. Bxg6 Kf6 49. Bd3 Ba4 50. Bd2 Kg7 51. Ke4 Bd7 52. Be2 Ba4 53. h4 Bc2+ 54. Bd3 Bb3 55. h5 Bf6 56. Bf4 Be7 57. Be2 Ba4 58. Bf3 Bc2+ 59. Kd4 Ba4 60. Kc4 Bd7 61. Kb4 Be8 62. Ka5 Bd8+ 63. Ka6 Bd7 64. Bxd6 Bg5 65. Kb6 Kf7 66. Be5 Ke8 67. Kc5 Be3+ 68. Bd4 Bf4 69. d6 Bc1 70. Bc6 Bf4 71. Kd5 Kd8 72. Bf6+ Kc8 73. Bxd7+ Kxd7 74. g5 Ke8 75. g6 Bd2 1-0

[Event "Oberliga Nord O9899"]
[Site "GER"]
[Date "1999.??.??"]
[Round "?"]
[White "Laske, Matthias"]
[Black "Brustkern, Juergen"]
[Result "1/2-1/2"]
[WhiteElo "2245"]
[BlackElo "2255"]
[PlyCount "60"]
[EventDate "1998.??.??"]
[Source "www.chesslib.no"]
[SourceDate "2004.05.04"]

1. d4 Nf6 2. c4 c5 3. d5 e6 4. Nc3 exd5 5. cxd5 d6 6. Nf3 g6 7. Bg5 Bg7 8. e3 a6 9. a4 h6 10. Bh4 g5 11. Bg3 Nh5 12. Bd3 Qe7 13. Nd2 Nxg3 14. hxg3 Nd7 15. Qc2 Ne5 16. Bf5 c4 17. O-O O-O 18. a5 Bxf5 19. Qxf5 Qc7 20. Nde4 Qe7 21. Nd2 Rac8 22. Ra4 Rfe8 23. Kh1 Rc5 24. f4 gxf4 25. Rxf4 Rc7 26. Nxc4 Nxc4 27. Raxc4 Rxc4 28. Rxc4 Qxe3 29. Re4 Qc1+ 30. Kh2 Rxe4 1/2-1/2

[Event "MTO Open"]
[Site "?"]
[Date "2005.07.27"]
[Round "9"]
[White "Heinis Vincent"]
[Black "Huhndorf Arnold"]
[Result "1/2-1/2"]
[WhiteElo "2185"]
[BlackElo "2296"]
[PlyCount "64"]
[EventDate "2005.??.??"]
[Source "www.chesslib.no"]
[SourceDate "2004.05.04"]

1. d4 Nf6 2. c4 c5 3. d5 e6 4. Nc3 exd5 5. cxd5 d6 6. Nf3 g6 7. Bg5 h6 8. Bh4 Bg7 9. Nd2 O-O 10. Nc4 Na6 11. Bg3 Ne8 12. e3 Nac7 13. a4 b6 14. Be2 Ba6 15. O-O Rb8 16. Qc2 Bxc4 17. Bxc4 a6 18. Qd3 b5 19. axb5 axb5 20. Nxb5 Nxb5 21. Bxb5 Nc7 22. Bc6 Rxb2 23. f4 f5 24. e4 fxe4 25. Qxe4 Qf6 26. Ra7 Nb5 27. Qe6+ Qxe6 28. Rxg7+ Kxg7 29. dxe6 Nd4 30. e7 Nxc6 31. exf8=Q+ Kxf8 32. f5 Ne5 1/2-1/2